000 00706nam a2200193Ia 4500
003 GCL
008 140319s9999 xx 000 0 ara d
040 _aGCL /
_cGCL
082 0 4 _a001.603
_bم م
100 1 _aجورج مدبك
245 1 0 _aموسوعة المصطلحات الفنية للكمبيوتر قاموس تقنى عربى انجليزى /
_cجورج مدبك
260 _a[S.N] :
_bلجنة الاعلام والدراسات المستقبلية ،
_c1984
300 _a245 ص
490 _aشكاوى المصرى الفصيح
_v0
650 0 4 _aالموسوعات
650 0 4 _aالحاسبات الالكترونية
650 0 4 _aالمراجع المتخصصة
942 _2ddc
_cREF
999 _c59281
_d59281